00843cam a22002411 4500001001300000003000400013005001700017008004100034010001700075035002000092040004700112042001200159043001200171050001800183100004600201245009000247260006700337300003500404490007800439650003100517650003600548999001700584e 27000068 DLC20260227111217.0840905s1925 nyua 000 0 eng c ae 27000068  a(OCoLC)11119377 aLibrary, U.S. Bur. of EducationcDNIEdDLC apremarc an-us-ny00aLB1717.N7bW61 aWiley, George M.q(George Martin),d1875-14aThe teaching personnel in village and rural schools, 1923-24,cby George M. Wiley ... aAlbany,bThe University of the state of New York press,c1925. a24 p.btables, diagrs.c23 cm.0 aUniversity of the state of New York bulletin ...vno. 823. March 1, 1925 0aTeacherszNew York (State) 0aRural schoolszNew York (State) c20862d20862